মুক্তিযুদ্ধের সাহিত্য / (Record no. 74234)
[ view plain ]
| 000 -LEADER | |
|---|---|
| fixed length control field | 00941nam a2200241 a 4500 |
| 001 - CONTROL NUMBER | |
| control field | 74234 |
| 003 - CONTROL NUMBER IDENTIFIER | |
| rucl marc code | BD-RjUL |
| 005 - DATE AND TIME OF LATEST TRANSACTION | |
| control field | 20211209082522.0 |
| 008 - FIXED-LENGTH DATA ELEMENTS--GENERAL INFORMATION | |
| fixed length control field | 180410b xxu||||| |||| 00| 0 ben d |
| 020 ## - INTERNATIONAL STANDARD BOOK NUMBER | |
| International Standard Book Number | 9789849029900781 |
| Terms of availability | Tk.500.00 |
| 035 ## - SYSTEM CONTROL NUMBER | |
| System control number | (BD-RjUL)74452 |
| 040 ## - CATALOGING SOURCE | |
| Original cataloging agency | BD-RjUL |
| Language of cataloging | eng |
| Transcribing agency | BD-RjUL |
| 041 ## - LANGUAGE CODE | |
| Language code of text/sound track or separate title | Ben |
| 082 ## - DEWEY DECIMAL CLASSIFICATION NUMBER | |
| Edition number | 23 |
| Classification number | 891.443582109 |
| Author mark and year | SAM 2017 |
| 100 1# - MAIN ENTRY--PERSONAL NAME | |
| Personal name | সরকার, সুজিত |
| 9 (RLIN) | 221068 |
| 245 10 - TITLE STATEMENT | |
| Title | মুক্তিযুদ্ধের সাহিত্য / |
| Statement of responsibility, etc. | সুজিত সরকার , দেবাশীষ চক্রবর্ত্তী |
| 260 ## - PUBLICATION, DISTRIBUTION, ETC. (IMPRINT) | |
| Place of publication, distribution, etc. | ঢাকা : |
| Name of publisher, distributor, etc. | আফসার ব্রাদার্স , |
| Date of publication, distribution, etc. | ২০১৭ |
| 300 ## - PHYSICAL DESCRIPTION | |
| Pagination | ৪১৫ পৃ. ; |
| Size | ২২ সেমি. |
| 650 ## - SUBJECT ADDED ENTRY--TOPICAL TERM | |
| Topical term or geographic name as entry element | বাংলা সাহিত্য |
| 9 (RLIN) | 221069 |
| Topical term or geographic name as entry element | Bengali Literature |
| 9 (RLIN) | 221070 |
| 700 ## - ADDED ENTRY--PERSONAL NAME | |
| Personal name | চক্রবর্ত্তী, দেবাশীষ |
| 942 ## - ADDED ENTRY ELEMENTS (KOHA) | |
| Source of classification or shelving scheme | Dewey Decimal Classification |
| Koha item type | Books |
| Lost status | Source of classification or shelving scheme | Damaged status | Not for loan | Collection code | Permanent Location | Current Location | Shelving location | Date acquired | Source of acquisition | Cost, normal purchase price | Total Checkouts | Full call number | Date last seen | Copy number | Koha item type | Total Renewals | Date checked out |
|---|---|---|---|---|---|---|---|---|---|---|---|---|---|---|---|---|---|
| Dewey Decimal Classification | Not For Loan | Non-fiction | Central Library, University of Rajshahi | Central Library, University of Rajshahi | Reading Room | 29/03/2017 | Author | 500.00 | B 891.443582109 SAM 2017 | 10/04/2018 | C-1 | Books | |||||
| Dewey Decimal Classification | Non-fiction | Central Library, University of Rajshahi | Central Library, University of Rajshahi | 29/03/2017 | Author | 500.00 | 3 | B 891.443582109 SAM 2017 | 01/12/2024 | C-2 | Books | 1 | 14/11/2024 | ||||
| Dewey Decimal Classification | Non-fiction | Central Library, University of Rajshahi | Central Library, University of Rajshahi | 29/03/2017 | Author | 500.00 | 1 | B 891.443582109 SAM 2017 | 20/01/2019 | C-3 | Books | 07/01/2019 | |||||
| Dewey Decimal Classification | Non-fiction | Central Library, University of Rajshahi | Central Library, University of Rajshahi | 29/03/2017 | Author | 500.00 | B 891.443582109 SAM 2017 | 10/04/2018 | C-4 | Books | |||||||
| Dewey Decimal Classification | Non-fiction | Central Library, University of Rajshahi | Central Library, University of Rajshahi | 29/03/2017 | Author | 500.00 | B 891.443582109 SAM 2017 | 10/04/2018 | C-5 | Books |